Angličtina pro vnitřní obchod

Bibliographic Details
Main Author: Jindrová, Alena, 1929-2016 (Author)
Format: Book
Language:Czech
English
Published: Praha Státní pedagogické nakladatelství 1989
Edition:1. vyd.
Subjects:

MARC

LEADER 00000cam a2200000 a 4500
001 vtls001149135
003 SK-MaSNL
005 20260301002154.0
008 250414s1989 xr frp 00000 cze
020 |q (brož.) 
035 |a SNK000091995 
040 |a SNK  |b slo  |c SNK  |e AACR2 
041 0 |a cze  |a eng 
044 |a xr  |c CZ 
072 7 |a 811.111  |x Angličtina  |2 konspekt 
072 7 |a 339.3  |x Vnútorný obchod  |2 konspekt 
072 7 |a 37.016  |x Učebné osnovy. Vyučovacie predmety. Učebnice  |2 konspekt 
080 |a 802.0(075.8)  |2 1981 
080 |a 811.111  |2 2011 
080 |a 811.162.3  |2 2011 
080 |a 81'42'373.46  |2 2001 
080 |a 339.3  |2 2001 
080 |a (075.8)  |2 2011 
245 0 0 |a Angličtina pro vnitřní obchod  |c Alena Jindrová a kol. 
250 |a 1. vyd. 
260 |a Praha  |b Státní pedagogické nakladatelství  |c 1989 
300 |a 119 s.  |c 29 cm 
366 |e 600 výt. 
500 |a Dotisk 1991 
500 |a Vydala Vysoká škola ekonomická v Praze 
521 1 |a Určené pre poslucháčov Fakulty obchodnej 
650 0 7 |a angličtina  |2 SNKPH 
650 0 7 |a čeština  |2 SNKPH  |9 1319 
650 0 7 |a odborné texty  |2 SNKPH  |9 63855 
650 0 7 |a vnútorný obchod  |2 SNKPH  |9 2197 
655 7 |a učebnice vysokých škôl  |2 SNKPH  |9 70191 
700 1 |a Jindrová, Alena,  |d 1929-2016  |4 aut  |9 61472 
710 2 |a Vysoká škola ekonomická v Praze  |4 pbl  |9 60376 
852 |a Slovenská národná knižnica 
954 |a odborná, vedecká literatúra cudzojazyčná (svetová)  |2 lita 
958 |a OND 
958 |a RK 
958 |a TL 
958 |a UV 
999 |c 536734  |d 538664 
952 |t P60, <04>, [BOOK], {604}  |a SNK  |b SNK  |y VYP  |7 0  |p 17A0397862  |o snkIB 62609 D1  |i snkKIP 8260/89  |0 0  |1 1  |4 0  |d 2003-11-19  |l 0  |r 2005-01-01 00:00:00  |w 2026-02-23